000 00837nam a2200205Ii 4500
003 JO-AjNU
008 230605s9999||||xx |||||||||||||| ||und||
017 _a1991/5/233
040 _aJO-AjNU
_bara
_erda
_cJO-AjNU
041 _aara
050 1 4 _aDS115.5.1991
100 3 _aتاليف الدجاني، يعقوب كامل,
_eauthor
_938267
245 0 0 _aالدراسات الفلسطينية الأردنية 1992 (1) : الدور الذي لعبه أبناء شرقي الاردن في مؤارزة عرب فلسطين في نظالهم 1908 - 1949، الجزء الأول
264 3 1 _aعمان: المؤلف، 1992
300 _aج1، 120ص
336 _atext
_btxt
_2rdacontent
337 _aunmediated
_bn
_2rdamedia
338 _avolume
_bnc
_2rdacarrier
650 4 _aالاردن- تاريخ، فلسطين- تاريخ
_938268
999 _aA16063
_c19631
_d19631